000 00337nam a2200133Ia 4500
005 20260326235459.0
008 260326s9999||||xx |||||||||||||| ||und||
100 _aRaeburn, Michael
245 3 _aAn outline of World Architecture /
_cMichael Raeburn
260 _bOctopus Books
300 _a128 p.
650 _aARQUITECTURA
942 _cBK
999 _c8014
_d8014